Devine le personnage Harry potter #2 - Statistiques

Statistiques générales
  • Ce quiz a été pris 414 fois
  • Le résultat moyen est 8 sur 10
Statistiques - réponses
Hint Indice Réponse % Correct
2 Fourchelang, nez Voldemort
97%
3 Rat, main Peter Pettigrow
95%
9 Beauxbatons, mariée Fleur Delacour
92%
10 Botanique, professeur Pomona Chourave
90%
8 Potion, noir Severus Rogue
89%
7 Rose, détestée Dolores Ombrage
86%
1 Mort, octobre James Potter
77%
6 Ensorcelée, quidditch, fille Katie Bell
64%
4 Serpentard, 1 enfant Narcissa Malefoy
48%
5 Moldu, roux Arthur Weasley
38%
Aucun quiz correspondant
Distribution des résultats
% des personnes avec chaque résultat
Percentile par nombre de réponses
Votre historique - résultats
Vous n’avez pas pris ce quiz